000 00561nam a2200217 a 4500
001 0001-2023
003 ELIB.Books
008 190618 2010 eng
020 _aKBTS
092 _a261.8
_bHol
100 _aHolland, Joe
245 _aSocial Analysis: Linking Faith and Justice
260 _aMaryknoll
_bOrbis
_c1983
300 _a118
_c20.7 cm
650 _aChurch and Social Problems
856 _nKBTS Library
_uKBTS Elib
942 _2ddc
_cBK
990 _a1
998 _aEnglishbooks.elf
_ccat
_e2019-06-18
999 _c12023
_d12023